Кн. 3 : Мобильный текущий ремонт. Послеремонтное диагностирование. Опыт проведения; Ремонт арматуры АЭС

Opis bibliograficzny
Parent link:Ремонт арматуры АЭС: в 3 кн./ В. И. Аксенов [и др.]. Кн. 3 : Мобильный текущий ремонт. Послеремонтное диагностирование. Опыт проведения.— , 2013-2014.— 978-5-94275-690-1
Streszczenie:Приведены современные методики, технологии и средства для эффективного ремонта арматуры АЭС. Рассмотрены особенности организации и специфика проведения мобильного текущего ремонта арматуры без ее изъ­ятия из трубопровода. Даны основные положения и современные средства послеремонтного технического диагностирования арматуры. Приведены обобщающие данные по нормативному обеспечению и опыту диагностиро­вания и ремонта арматуры станций.Для инженерно-технических и научных работников, студентов и аспиран­тов, специализирующихся в эксплуатации и ремонте оборудования и арма­туры АЭС.
Język:rosyjski
Wydane: 2014
Hasła przedmiotowe:
Format: MixedMaterials Książka
KOHA link:https://koha.lib.tpu.ru/cgi-bin/koha/opac-detail.pl?biblionumber=268185

MARC

LEADER 00000nam2a2200000 4500
001 268185
005 20231101234138.0
010 |a 9785942757458 
035 |a (RuTPU)RU\TPU\book\291317 
090 |a 268185 
100 |a 20140828d2014 km y0rusy50 ca 
101 0 |a rus 
102 |a RU 
105 |a a z 001zy 
200 0 |a Кн. 3 : Мобильный текущий ремонт. Послеремонтное диагностирование. Опыт проведения 
210 |d 2014 
215 |a 496 с.  |c ил. 
320 |a Библиогр.: с. 489-491. 
330 |a Приведены современные методики, технологии и средства для эффективного ремонта арматуры АЭС. Рассмотрены особенности организации и специфика проведения мобильного текущего ремонта арматуры без ее изъ­ятия из трубопровода. Даны основные положения и современные средства послеремонтного технического диагностирования арматуры. Приведены обобщающие данные по нормативному обеспечению и опыту диагностиро­вания и ремонта арматуры станций.Для инженерно-технических и научных работников, студентов и аспиран­тов, специализирующихся в эксплуатации и ремонте оборудования и арма­туры АЭС. 
461 1 |0 (RuTPU)RU\TPU\book\267874  |y 978-5-94275-690-1  |t Ремонт арматуры АЭС  |o в 3 кн.  |f В. И. Аксенов [и др.]  |v Кн. 3 : Мобильный текущий ремонт. Послеремонтное диагностирование. Опыт проведения  |d 2013-2014  |s Библиотека арматурщика АЭС 
606 1 |a Атомные электрические станции  |x Оборудование  |x Ремонт  |2 stltpush  |3 (RuTPU)RU\TPU\subj\29749  |9 53017 
610 1 |a трубопроводная арматура 
610 1 |a текущий ремонт 
610 1 |a уплотнения 
610 1 |a восстановление 
610 1 |a качество 
610 1 |a контроль 
610 1 |a послеремонтное техническое диагностирование 
610 1 |a эксплуатация 
610 1 |a нормативно-технологическая документация 
675 |a 621.311.25:621.039.004  |v 3 
801 1 |a RU  |b 63413507  |c 20140828 
801 2 |a RU  |b 63413507  |c 20150609  |g RCR 
900 |a Эксплуатация и ремонт оборудования 
900 |a Диагностика и техническое обслуживание машин 
942 |c BK 
959 |a 120/20140828  |d 5  |e 1000,00  |f ЧЗТЛ:1  |f АНЛ:1  |f УФ:3